|
|
|
|
| LEADER |
00000cam a2200000 4500 |
| 001 |
vtls012264600 |
| 003 |
SK-MaSNL |
| 005 |
20260301232044.0 |
| 008 |
241002s2024 xr oac c f 000 0 slo |
| 015 |
|
|
|a SNBZSA2025/07
|
| 020 |
|
|
|a 9788020904799
|q (viazané)
|
| 040 |
|
|
|a SNK
|b slo
|c SNK
|e rda
|
| 041 |
1 |
|
|a slo
|k cze
|h ger
|
| 044 |
|
|
|a xr
|c CZ
|
| 072 |
|
7 |
|a 636
|x Chov zvierat. Živočíšna výroba
|2 konspekt
|
| 072 |
|
7 |
|a 0/9-053.2
|x Literatúra pre deti a mládež (náučná)
|2 konspekt
|
| 080 |
|
|
|a 636.1
|2 2011
|
| 080 |
|
|
|a 636:636.1
|2 2011
|
| 080 |
|
|
|a (035)
|2 2011
|
| 080 |
|
|
|a (084.11)
|2 2011
|
| 080 |
|
|
|a 82-93-053.6
|2 2011
|
| 100 |
1 |
|
|a Neumann-Cosel, Isabelle von,
|d 1951-
|4 aut
|9 252771
|
| 240 |
1 |
0 |
|a Pferdebuch für junge Reiter
|l Slovensky
|
| 245 |
1 |
0 |
|a Kniha o koňoch pre mladých jazdcov
|b zoznámenie sa s koňom, starostlivosť a jazdenie
|c napísala Isabelle von Neumann-Cosel ; ilustrovala Jeanne Kloepfer ; fotografoval Jaen Christen ; z češtiny preložila Adriana Laputková
|
| 250 |
|
|
|a Vydanie v slovenčine prvé
|
| 264 |
|
1 |
|a Praha
|b Brázda s.r.o.
|c [2024]
|
| 264 |
|
4 |
|c ©2024
|
| 300 |
|
|
|a 252 strán
|b fotografie, ilustrácie, portréty
|c 25 cm
|
| 336 |
|
|
|a text
|b txt
|2 rdacontent
|
| 336 |
|
|
|a statický obraz
|b sti
|2 rdacontent
|
| 337 |
|
|
|a bez média
|b n
|2 rdamedia
|
| 338 |
|
|
|a zväzok
|b nc
|2 rdacarrier
|
| 500 |
|
|
|a Preložené z českého prekladu nemeckého originálu
|
| 500 |
|
|
|a Na titulnej strane chybne uvedené meno fotografa Jaen, správne má byť: Jean
|
| 500 |
|
|
|a Obsahuje stručné profesijné údaje o autorke na zadnej strane obálky publikácie
|
| 650 |
0 |
7 |
|a kone
|2 SNKPH
|9 2809
|
| 650 |
0 |
7 |
|a chov koní
|2 SNKPH
|9 30011
|
| 650 |
0 |
7 |
|a Horses
|2 SNKPHeng
|9 270402
|
| 650 |
0 |
7 |
|a Horse breeding
|2 SNKPHeng
|9 312739
|
| 655 |
|
7 |
|a príručky
|2 SNKPH
|9 74364
|
| 655 |
|
7 |
|a publikácie pre mládež
|2 SNKPH
|9 70434
|
| 655 |
|
7 |
|a Handbooks, manuals, etc.
|2 SNKPHeng
|9 90964
|
| 655 |
|
7 |
|a Pictorial works
|2 SNKPHeng
|9 284468
|
| 655 |
|
7 |
|a Juvenile literature
|2 SNKPHeng
|9 278419
|
| 655 |
|
7 |
|a obrazové publikácie
|2 SNKPH
|9 70343
|
| 700 |
1 |
|
|a Kloepfer, Jeanne,
|d 1966-
|4 ill
|9 257250
|
| 700 |
1 |
|
|a Christen, Jean
|4 pht
|9 251577
|
| 700 |
1 |
|
|a Laputková, Adriana,
|d 1973-
|4 trl
|9 169466
|
| 700 |
1 |
|
|a Halo, Marko,
|d 1967-
|4 aut
|9 189050
|
| 765 |
0 |
8 |
|i Názov českého prekladu:
|t Kniha o koních pro mladé jezdce
|9 Slovensky
|
| 852 |
|
|
|a Slovenská národná knižnica
|
| 919 |
|
|
|a 978-80-209-0479-9
|
| 954 |
|
|
|a odborná, vedecká literatúra cudzojazyčná (svetová)
|2 lita
|
| 958 |
|
|
|a ZS
|
| 958 |
|
|
|a OP
|
| 968 |
|
|
|a SLO
|b DT
|c ČES
|
| 999 |
|
|
|c 960270
|d 962200
|
| 952 |
|
|
|a SNK
|b SNK
|y PREZ
|7 0
|p 17A1564626
|o snkSC 210384
|i snk2025/5281
|8 4
|g 21.43
|0 0
|1 0
|4 0
|d 2024-10-02
|l 0
|r 2025-11-03 00:00:00
|w 2026-02-24
|